We mean business (Record no. 73683)

MARC details
000 -LEADER
fixed length control field 00878cam a2200205 4500
001 - CONTROL NUMBER
control field ABS67190
008 - FIXED-LENGTH DATA ELEMENTS--GENERAL INFORMATION
fixed length control field 031029n2003 000 0 eng u
035 ## - SYSTEM CONTROL NUMBER
System control number (Sirsi) u124147
245 ## - TITLE STATEMENT
Title We mean business
260 ## - PUBLICATION, DISTRIBUTION, ETC.
Date of publication, distribution, etc. 2003
490 ## - SERIES STATEMENT
Series statement Estates Gazette
Volume/sequential designation (0340) 4 October 2003, 140-141(3)
520 ## - SUMMARY, ETC.
Summary, etc. This "Mainly for Students" article reports on the RICS / Advantage West Midlands Annual Property Education Debate. Issues debated included the need for business skills, new markets for chartered surveyors, opportunities in the public and residential sectors and the RICS communication plan for promoting the business qualification.
590 ## - LOCAL NOTE (RLIN)
Local note ABS
650 ## - SUBJECT ADDED ENTRY--TOPICAL TERM
Topical term or geographic name entry element RICS
650 ## - SUBJECT ADDED ENTRY--TOPICAL TERM
Topical term or geographic name entry element BUSINESS SKILLS
650 ## - SUBJECT ADDED ENTRY--TOPICAL TERM
Topical term or geographic name entry element ABOUT RICS-RICS MEMBERS
650 ## - SUBJECT ADDED ENTRY--TOPICAL TERM
Topical term or geographic name entry element CAREERS, EDUCATION AND TRAINING
690 ## - LOCAL SUBJECT ADDED ENTRY--TOPICAL TERM (OCLC, RLIN)
Topical term or geographic name as entry element MANAGEMENT-BUSINESS MANAGEMENT-PROFESSIONAL PRACTICE
942 ## - ADDED ENTRY ELEMENTS (KOHA)
Suppress in OPAC 0
Holdings
Withdrawn status Lost status Source of classification or shelving scheme Damaged status Not for loan Home library Current library Shelving location Date acquired Total Checkouts Full call number Barcode Date last seen Copy number Price effective from Koha item type
    Dewey Decimal Classification     London London Journal article 29/10/2003   ABS67190 124147-1001 06/08/2019 1 06/08/2019 Journal article